000 00519nam a2200157 i 4500
001 59301
003 ES-MaACL
005 20230906164016.0
007 t|
008 031028s1931 fr ||||1| fre d
100 1 _aEliopoulos, S.
_946993
245 1 0 _aAction de la dielectrolyse
_b: trans-cerebrale des ions Mg, Ga, K.I et CI sur les centres vasomoteurs cerebrax : 32 figures /
_cS. Eliopoulos.
260 _aParĂ­s :
_b[s.n.,
_c1931] (
_fImp. Jouve et Cie)
300 _a176 p. ;
_c24 cm.
852 _aES-MaACL
_jA-4764
999 _c59301
_d59301